Evaluación de granos enteros de maíz y avena en bovinos de invernada : parámetros de calidad de carne /

Guardado en:
Autor Principal: Sabattini, Maximiliano.
Autor Corporativo: Universidad Nacional del Sur. Departamento de Agronomía.
Otros Autores: Arelovich, Hugo M. (tutor.)
Formato: Libro
Idioma:Spanish
Publicado: Bahía Blanca, 2010.
Etiquetas: Agregar Etiqueta
Sin Etiquetas, Sea el primero en etiquetar este registro!
LEADER 00762nam a22001695a 4500
001 EEA.libagro008387
005 20170926123223.0
008 130809s2010####ag#a##########000#0#spa#d
082 0 4 |a 636.2084 
100 1 |a Sabattini, Maximiliano. 
245 1 0 |a Evaluación de granos enteros de maíz y avena en bovinos de invernada :  |b parámetros de calidad de carne /  |c Maximiliano Sabattini. 
260 |a Bahía Blanca,  |c 2010. 
300 |a 33 h. :  |b il. ;  |c 30 cm. 
500 |a Trabajo de intensificación (Ingeniero Agrónomo) -- Universidad Nacional del Sur. Departamento de Agronomía, 2010. 
700 1 |a Arelovich, Hugo M.  |q (Hugo Mario),  |e tutor. 
710 2 |a Universidad Nacional del Sur.  |b Departamento de Agronomía. 
859 |a AR-BbBCA  |b BIB. AGRONOMIA  |h 636.2084  |i S113  |p 2010/5800